000 01123nam a2200301 a 4500
003 CO-ViMGA
005 20230915233134.0
008 110719s2010 sp gr 00010 spa d
020 _a9789588699677
040 _aCO-ViMGA
_bspa
_cCO-ViMGA
090 _aN TANL
100 1 0 _aTanizaki, Junichiro
_d1886-1965
_925605
245 1 3 _aLa llave
_cJunichiro Tanizaki ; traduccion del japones de Keiko Takahashi y Jordi Fibla
250 _aEdicion especial para El Ministerio de Cultura, Biblioteca Nacional de Colombia
260 _aMadrid
_bEdiciones siruela
_c2014
300 _a115 pg̀inas
_c23 cm
490 _aLibros del tiempo ; 319
500 _aIncluye datos biograficos del autor
546 _aKagi
650 1 4 _2LEMB
_aCelos en la literatura
_925608
650 1 4 _2LEMB
_aDrama en la literatura
_913778
650 1 4 _2LEMB
_aLiteratura juvenil japonesa
_ySiglo XX
_923944
650 1 4 _2LEMB
_aSexualidad en la literatura
_925607
650 1 4 _aNovela juvenil japonesa
_2LEMB
_ySiglo XX
_925606
700 1 0 _aFibla, Jordi
_etraductor
_925610
700 1 0 _aTakahashi, Keiko
_etraductor
_925609
942 _2ddc
_cBK
999 _c4026
_d4026